Análisis de la problemática vial sobre la ruta CA02W que atraviesa la población de Cuyotenango, departamento de Suchitepéquez / (Registro nro. 2380)
[ vista simple ]
| 000 -LEADER | |
|---|---|
| campo de control de longitud fija | 02796nam a22003857a 4500 |
| 001 - NÚMERO DE CONTROL | |
| campo de control | 42835 |
| 003 - IDENTIFICADOR DE NÚMERO DE CONTROL | |
| campo de control | gtgccic |
| 005 - FECHA Y HORA DE LA ÚLTIMA TRANSACCIÓN | |
| campo de control | 20251022120717.0 |
| 007 - CAMPO FIJO DE DESCRIPCIÓN FÍSICA--INFORMACIÓN GENERAL | |
| campo de control de longitud fija | ta |
| 008 - DATOS DE LONGITUD FIJA--INFORMACIÓN GENERAL | |
| campo de control de longitud fija | 251022b gt ||||| |||| 00| 0 spa d |
| 040 ## - FUENTE DE CATALOGACIÓN | |
| Centro catalogador/agencia de origen | gtgccic |
| Lengua de catalogación | spa |
| Centro/agencia transcriptor | gtgccic |
| Normas de descripción | rda |
| 084 ## - OTRO NÚMERO DE CLASIFICACIÓN | |
| Número de control del registro de autoridad o número normalizado | TPI-15-0076 |
| 100 10 - ENTRADA PRINCIPAL--NOMBRE DE PERSONA | |
| Nombre de persona | William Alejandro Pérez González |
| Fechas asociadas al nombre | Ingeniero Civil |
| Término indicativo de función/relación | autor |
| 245 10 - MENCIÓN DEL TÍTULO | |
| Título | Análisis de la problemática vial sobre la ruta CA02W que atraviesa la población de Cuyotenango, departamento de Suchitepéquez / |
| Mención de responsabilidad, etc. | Pérez González, William Alejandro |
| 264 #1 - PRODUCCIÓN, PUBLICACIÓN, DISTRIBUCIÓN, FABRICACIÓN Y COPYRIGHT | |
| Producción, publicación, distribución, fabricación y copyright | Guatemala, Guatemala : |
| Nombre del de productor, editor, distribuidor, fabricante | USAC, Facultad de Ingeniería ; |
| Fecha de producción, publicación, distribución, fabricación o copyright | 2015.- |
| 300 ## - DESCRIPCIÓN FÍSICA | |
| Extensión | xxxiii, 151 p. : |
| Otras características físicas | il. ; |
| Dimensiones | 27 cm |
| 336 ## - TIPO DE CONTENIDO | |
| Fuente | rdacontenido |
| Término de tipo de contenido | Texto |
| Código de tipo de contenido | txt |
| 337 ## - TIPO DE MEDIO | |
| Fuente | rdamedio |
| Nombre/término del tipo de medio | sin mediación |
| Código del tipo de medio | n |
| 338 ## - TIPO DE SOPORTE | |
| Fuente | rdasoporte |
| Nombre/término del tipo de soporte | volumen |
| Código del tipo de soporte | nc |
| 502 ## - NOTA DE TESIS | |
| Nota de tesis | Tesis Postgrado |
| Tipo de título | MAESTRO EN ARTES INGENIERÍA VIAL |
| Nombre de la institución que otorga el título | USAC, Facultad de Ingeniería, Escuela de Postgrado |
| Año de obtención del título | 2015 |
| Identificador de la tesis | TPI-15-0076 |
| 504 ## - NOTA DE BIBLIOGRAFÍA, ETC. | |
| Nota de bibliografía, etc. Nota | Bibliografía Pag. 131 |
| 505 ## - NOTA DE CONTENIDO CON FORMATO | |
| Título | 1. DESCRIPCIÓN DEL DEPARTAMENTO DE SUCHITEPÉQUEZ |
| 505 ## - NOTA DE CONTENIDO CON FORMATO | |
| Título | 2. MARCO TEÓRICO |
| 505 ## - NOTA DE CONTENIDO CON FORMATO | |
| Título | 3. ESTUDIO DE DEMANDA VEHICULAR |
| 505 ## - NOTA DE CONTENIDO CON FORMATO | |
| Título | 4. PRESENTACIÓN DE RESULTADOS |
| 505 ## - NOTA DE CONTENIDO CON FORMATO | |
| Título | 5. ESTUDIO DE FLUJO VEHICULAR |
| 505 ## - NOTA DE CONTENIDO CON FORMATO | |
| Título | 6. ALTERNATIVAS PARA EL TRAMO EN ESTUDIO |
| 505 ## - NOTA DE CONTENIDO CON FORMATO | |
| Título | 7. DISCUSIÓN DE RESULTADOS |
| 520 #3 - RESUMEN, ETC. | |
| Sumario, etc. | El objetivo principal de este trabajo es identificar los factores principales que generan problema o conflicto sobre la libre y fluida circulación vehicular, así como también el tiempo perdido por el congestionamiento en la ruta CA02W, que atraviesa la población de Cuyotenango, Suchitépequez. El enfoque utilizado es descriptivo. Para delimitar esta problemática, se abordó el tema realizando dos conteos de tránsito durante doce horas en tres puntos críticos, para tener mejor el panorama. También se analizó la tipología de este tránsito que circula por la ruta, se calcularon los casos de operación vehicular y sobre ello se hace una propuesta de largo plazo, para dar la fluidez al tránsito que circula en esta área. Como resultado, se observa que todo lo anterior genera entre otros problemas, el congestionamiento vehicular, altos costos de operación vehicular, encarecimiento de los productos básicos, incremento en los períodos de viaje. La investigación permite concluir que es necesaria una propuesta que considera el alto volumen de vehículos de carga lenta provenientes de Tulate y de la frontera, así como de la capital circulando en horas pico, considerando que es un punto altamente agrícola y su ubicación lo hace vital para el comercio nacional e internacional. |
| 650 ## - PUNTO DE ACCESO ADICIONAL DE MATERIA--TÉRMINO DE MATERIA | |
| Término de materia o nombre geográfico como elemento de entrada | REDES VIALES |
| 650 ## - PUNTO DE ACCESO ADICIONAL DE MATERIA--TÉRMINO DE MATERIA | |
| Término de materia o nombre geográfico como elemento de entrada | SEGURIDAD VIAL |
| 700 ## - ENTRADA AGREGADA--NOMBRE PERSONAL | |
| Nombre de persona | Ma. Ing. César Augusto Castillo Morales |
| Término indicativo de función/relación | asesor |
| 942 ## - ELEMENTOS DE ENTRADA SECUNDARIOS (KOHA) | |
| Fuente de la clasificación o esquema de estantería | Clasificación Decimal Dewey |
| Tipo de ítem Koha | TESISPOSTGRADO |
| 945 ## - PROCESAMIENTO DE INFORMACIÓN LOCAL (OCLC) | |
| a | amlo |
| Estatus retirado | Estado de pérdida | Fuente de la clasificación o esquema de estantería | Estado de daño | No para préstamo | Biblioteca de origen | Biblioteca actual | Fecha de adquisición | Número de inventario | Total de préstamos | Signatura topográfica completa | Código de barras | Visto por última vez | Precio de reemplazo | Tipo de ítem Koha | Nota pública |
|---|---|---|---|---|---|---|---|---|---|---|---|---|---|---|---|
| Clasificación Decimal Dewey | CENTRO DE INFORMACIÓN A LA CONSTRUCCIÓN-CICON | CENTRO DE INFORMACIÓN A LA CONSTRUCCIÓN-CICON | 22/10/2025 | P20150076 | TPI-15-0076 | 20150076 | 22/10/2025 | 22/10/2025 | TESISPOSTGRADO | disponible |